000 00650nam a22001937a 4500
003 OSt
005 20231101181019.0
008 221006b |||||||| |||| 00| 0 eng d
040 _cBiblioteca Lado V
082 _a750
_bG326d
100 _91202
_aRamos Prida, Fernando
_eautor
245 _aDel lado de allá - Del lado de acá/
260 _c1985
_aMexico
_bMuseo de Arte Carrillo Gil
300 _c19.5 x 23 cm
_a18p.
650 _2Tesauro de Arte & Arquitectura
_aARTE
650 _2Tesauro de Arte & Arquitectura
_aPINTURA
_9703
650 _2Tesauro de Arte & Arquitectura
_aINAUGURACIÓN
942 _2ddc
_c1
_h750
_iG326d
_n0
999 _c4551
_d4551